Escuela de fotografía: blanco y negro /
Desde intemporales y elegantes retratos hasta enérgicas e intensas fotografías de calle, las posibilidades del blanco y negro son infinitas y muy atractivas. Reconocer este potencial en cada imagen y saber utilizar las herramientas y las técnicas de edición digital para maximizar el efecto son pasos...
| Main Author: | |
|---|---|
| Other Authors: | , |
| Format: | Kit |
| Language: | Spanish English |
| Published: |
Barcelona:
Blume,
2014.
|
| Edition: | Primera edición. |
| Series: | Escuela de fotografía, Michael Freeman
|
| Subjects: |
MARC
| LEADER | 00000nac a2200000 i 4500 | ||
|---|---|---|---|
| 003 | Ucuenca | ||
| 005 | 20231002150903.0 | ||
| 006 | a||||fr|||| 001 0 | ||
| 007 | ta | ||
| 008 | 014052t20142014sp pppp|r|||||||1|||spa|a | ||
| 020 | |a 978-84-15317-65-4 | ||
| 040 | |b spa |a UCuenca-cdrjbv |c UCuenca |e rda | ||
| 041 | 1 | |a spa |h eng | |
| 082 | 0 | |2 22 |a 778 |c 29760271 | |
| 100 | 1 | |9 45774 |a Freeman, Michael. |d 1945- | |
| 240 | 1 | |a Black y White. |l English | |
| 245 | 1 | |a Escuela de fotografía: |b blanco y negro / |c Michael Freeman, Steve Luck, traductor Francisco Rosés Martínez. | |
| 250 | |a Primera edición. | ||
| 264 | 1 | |a Barcelona: |b Blume, |c 2014. | |
| 264 | 4 | |c ©2014 | |
| 300 | |a 160 páginas: |b ilu |c 20 cm | ||
| 336 | |2 rdacontent |a texto |b txt | ||
| 337 | |2 rdamedia |a no mediado |b n | ||
| 338 | |2 rdacarrier |a volumen |b nc | ||
| 490 | 0 | |a Escuela de fotografía, Michael Freeman | |
| 504 | |a incl. ref. | ||
| 505 | 1 | |a Del color al blanco y negro -- La tradición del blanco y negro -- Cuándo elegir blanco y negro -- Temas principales -- Técnicas avanzadas. | |
| 520 | 3 | |a Desde intemporales y elegantes retratos hasta enérgicas e intensas fotografías de calle, las posibilidades del blanco y negro son infinitas y muy atractivas. Reconocer este potencial en cada imagen y saber utilizar las herramientas y las técnicas de edición digital para maximizar el efecto son pasos esenciales para crear un repertorio fotográfico de alta calidad. | |
| 650 | 1 | 7 | |a Fotografía |9 5064 |2 UCuenca-cdrjbv |
| 650 | 1 | 7 | |a Paisajes |9 33487 |2 UCuenca-cdrjbv |
| 650 | 2 | 7 | |a Paisajes |x escuela de fotografía |9 262041 |2 UCuenca-cdrjbv |
| 651 | |2 UCuenca-cdrjbv | ||
| 700 | 1 | 7 | |a Luck, Steve. |9 119379 |e autor |
| 700 | 1 | 7 | |a Rosés Martínez, Francisco. |e traductor |9 261256 |
| 852 | |a UC-YANUNCAY | ||
| 942 | |2 ddc |c CR |z pablo.criollo@ucuenca.edu.ec | ||
| 999 | |c 159251 |d 159251 | ||